Central Library OPAC University of Rajshahi

Citrus diseases and their control / (Record no. 37437)

MARC details
000 -LEADER
fixed length control field 00816nam a22002655a 4500
001 - CONTROL NUMBER
control field 37437
003 - CONTROL NUMBER IDENTIFIER
rucl marc code BD-RjUL
005 - DATE AND TIME OF LATEST TRANSACTION
control field 20211209052617.0
008 - FIXED-LENGTH DATA ELEMENTS--GENERAL INFORMATION
fixed length control field 150117r19901985ii b f000 0 eng
035 ## - SYSTEM CONTROL NUMBER
System control number (BD-RjUL)37541
040 ## - CATALOGING SOURCE
Original cataloging agency DLC
Transcribing agency DLC
Modifying agency DLC
-- BD-RjUL
Language of cataloging eng
041 ## - LANGUAGE CODE
Language code of text/sound track or separate title eng
082 ## - DEWEY DECIMAL CLASSIFICATION NUMBER
Edition number 20
Classification number 634.304909759
Author mark and year REC 1990
100 1# - MAIN ENTRY--PERSONAL NAME
Personal name Reddy, G. S.
9 (RLIN) 114939
245 10 - TITLE STATEMENT
Title Citrus diseases and their control /
Statement of responsibility, etc. G.S. Reddy and V.D. Murti.
260 ## - PUBLICATION, DISTRIBUTION, ETC. (IMPRINT)
Place of publication, distribution, etc. New Delhi :
Name of publisher, distributor, etc. Indian Council of Agricultural Research,
Date of publication, distribution, etc. 1985 [reprint 1990].
300 ## - PHYSICAL DESCRIPTION
Pagination 79 p. :
Illustrations ill. ;
Size 25 cm.
504 ## - BIBLIOGRAPHY, ETC. NOTE
Bibliography, etc Includes bibliographies.
520 ## - SUMMARY, ETC.
Summary, etc. Indian context.
650 ## - SUBJECT ADDED ENTRY--TOPICAL TERM
Topical term or geographic name as entry element Citrus
General subdivision Diseases and pests
Geographic subdivision Florida.
9 (RLIN) 114940
700 ## - ADDED ENTRY--PERSONAL NAME
Personal name Murti, V.D.
942 ## - ADDED ENTRY ELEMENTS (KOHA)
Source of classification or shelving scheme Dewey Decimal Classification
Koha item type Books
Holdings
Lost status Source of classification or shelving scheme Damaged status Not for loan Collection code Permanent Location Current Location Shelving location Date acquired Source of acquisition Cost, normal purchase price Total Checkouts Full call number Date last seen Copy number Koha item type
  Dewey Decimal Classification   Not For Loan Non-fiction Institute of Biological Sciences (IBSc) Library Institute of Biological Sciences (IBSc) Library   17/01/2015 Karim International 25.00   634.304909759 REC 1990 17/01/2015 C-1 Books